00674 a2200169 4500003000500000005001700005040000900022082001200031100002000043245010100063260004000164300001100204505020600215600001900421650002000440700004400460Nust20170207171533.0 cNust a621.382 aBakshi, Uday A. aFundamentals of instrumentation (EBOOK)cUday A. Bakshi, Ajay V. Bakshi and Kshitteja A. Bakshi. aPunebTechnical Publishcationc2008 a411 p. aIntroduction (page-1), Analog indicating instruments (page-40), Bridge circuits (page-184). Digital instruments (page-300), Ossciloscops (page-425), Recording instruments and Waveform generation (525). aAjay V. Bakshi aInstrumentation aAjay V. Bakshi and Kshitteja A. Bakshi.